00646nam a2200205 i 4500001000400000100001800004245008300022260004600105300002900151650006100180700003300241020001500274040000800289041000800297920001800305942000700323008004100330999001700371952005200388bgj1 aHAINES, Simon10aLandmark :bintermediate : student's book /cSimon Haines and Barbara Stewart. aOxford :bOxford University Press,c2000. a159 pp :bill. ;c28 cm. 9aEnglish languagexTextbooks for foreignersxIntermediate1 aSTEWART, Barbara.eco-author a019433080X cBPK0 aeng a0-19-433080-X cKS s uk f |000 0 eng  c49087d49087 00104070aBPKbBPKckwoKA 6482p09045125yKS